| 000 | 00497nam a2200169Ia 4500 | ||
|---|---|---|---|
| 008 | 230718s9999 xx 000 0 und d | ||
| 020 | _a9789352135479 | ||
| 041 | _aeng | ||
| 082 |
_a658.409 _bFOU |
||
| 100 |
_aFournier C. _9201950 |
||
| 245 |
_aManager's Path _bA Guide For Tech Leaders Navigating Growth And Change |
||
| 260 |
_c2019 _bSPD / O'reilly |
||
| 300 | _a226 | ||
| 365 |
_cRs. _b650.00 |
||
| 700 |
_aFournier C. _9201950 |
||
| 906 |
_dO:0689124-Jan-2020B:560704-Jan-2020 _cCOMP _b162.5 |
||
| 999 |
_c350835 _d350835 |
||